MARC

LEADER 00000nam0a2200000 4500
001 312007
005 20231102002437.0
020 |a RU  |b 82-10751 
035 |a (RuTPU)RU\TPU\book\337374 
090 |a 312007 
100 |a 20151215d1981 k y0rusy5003 ca 
101 0 |a rus 
102 |a RU 
105 |a a z 001zy 
200 1 |a Фильтрационные расчеты водозаборных и дренажных систем  |e труды института "ВОДГЕО"  |f Всесоюзный научно-исследовательский институт водоснабжения, канализации, гидротехнических сооружений и инженерной гидрогеологии (ВНИИводгео) ; под ред. А. Ж. Муфтахова 
210 |a Москва  |c Изд-во ВОДГЕО  |d 1981 
215 |a 128 с.  |c ил. 
225 1 |a Труды института ВОДГЕО 
320 |a Библиография в конце статей 
606 1 |a Дренаж  |x Гидродинамика  |2 stltpush  |3 (RuTPU)RU\TPU\subj\10163  |9 37286 
610 1 |a водозаборные сооружения 
610 1 |a дренажные сооружения 
610 1 |a фильтрация 
610 1 |a расчет 
610 1 |a подземные воды 
610 1 |a инженерная защита 
610 1 |a грунтовые воды 
610 1 |a регенерация 
610 1 |a скважины 
675 |a 624.131.6  |z rus  |v 3 
702 1 |a Муфтахов  |b А. Ж.  |4 340 
712 0 2 |a Всесоюзный научно-исследовательский институт водоснабжения, канализации, гидротехнических сооружений и инженерной гидрогеологии (ВНИИводгео)  |c (Москва)  |c (1934-1991)  |2 stltpush  |3 (RuTPU)RU\TPU\col\4603 
801 0 |a RU  |b RuMRKP  |c 19950704  |g psbo 
801 1 |a RU  |b 63413507  |c 20151215 
801 2 |a RU  |b 63413507  |c 20181005  |g RCR 
942 |c BK